Die teuersten Bundesliga Transfers bis 2022/23 - Statistiken

Allgemein
  • Dieses Quiz wurde 219 mal gespielt
  • Das Durchschnittsergebnis liegt bei 17 aus 30
Antwortstatistiken
Saison gewechselt zu Verein Position Ablösesumme Antwort % Korrekt
22/23 Bayern München Verteidiger 67 Millionen Matthijs de Ligt
94%
19/20 Bayern München Verteidiger 80 Millionen Lucas Hernandez
92%
20/21 Bayern München Angreifer 49 Millionen Leroy Sané
91%
16/17 Bayern München Verteidiger 35 Millionen Mats Hummels
83%
19/20 Borussia Dortmund Verteidiger 30,5 Millionen Mats Hummels
83%
21/22 Bayern München Verteidiger 42,5 Millionen Dayot Upamecano
81%
11/12 Bayern München Torwart 30 Millionen Manuel Neuer
77%
19/20 Bayern München Verteidiger 35 Millionen Benjamin Pavard
68%
22/23 Borussia Dortmund Angreifer 31 Millionen Sébastien Haller
68%
13/14 Bayern München Mittelfeldspieler 37 Millionen Mario Götze
66%
12/13 Bayern München Mittelfeldspieler 40 Millionen Javi Martinez
65%
15/16 VfL Wolfsburg Mittelfeldspieler 43 Millionen Julian Draxler
65%
22/23 Borussia Dortmund Angreifer 30 Millionen Karim Adeyemi
65%
22/23 Bayern München Angreifer 32 Millionen Sadio Mané
65%
07/08 Bayern München Angreifer 30 Millionen Franck Ribéry
64%
21/22 Borussia Dortmund Angreifer 30 Millionen Donyell Malen
58%
09/10 Bayern München Angreifer 30 Millionen Mario Gómez
56%
17/18 Bayern München Mittelfeldspieler 41,5 Millionen Corentin Tolisso
51%
14/15 VfL Wolfsburg Angreifer 32 Millionen André Schürrle
50%
16/17 Borussia Dortmund Angreifer 30 Millionen André Schürrle
50%
19/20 RB Leipzig Mittelfeldspieler 29 Millionen Dani Olmo
43%
15/16 Bayern München Angreifer 30 Millionen Douglas Costa
43%
19/20 Bayer Leverkusen Mittelfeldspieler 32 Millionen Kerem Demirbay
41%
16/17 RB Leipzig Mittelfeldspieler 29,75 Millionen Naby Keïta
41%
16/17 Borussia Dortmund Angreifer 35 Millionen Ousmane Dembélé
37%
15/16 Bayern München Mittelfeldspieler 39,25 Millionen Arturo Vidal
33%
16/17 Bayern München Mittelfeldspieler 35 Millionen Renato Sanches
31%
14/15 Bayern München Verteidiger 28 Millionen Medhi Benatia
23%
13/14 Borussia Dortmund Mittelfeldspieler 27,5 Millionen Henrikh Mkhitaryan
22%
18/19 Borussia Dortmund Verteidiger 28 Millionen Abdou Diallo
18%
Keine übereinstimmenden Quizze gefunden
Verteilung der Resultate
Anzahl Personen mit jedem Resultat
Perzentil nach korrekt beantworteten Fragen
Ihre Resultats-Entwicklung
Sie haben dieses Quiz noch nicht gespielt